000 00466nam a22001817a 4500
005 20240110112320.0
008 200319b xxu||||| |||| 00| 0 eng d
020 _a9788123922591
041 _aeng
082 _a547
100 _aSIDDIQI , ANEES AHMAD AND SIDDIQUI,SEEMI
_98371
245 _aEXPERIMENTAL PHARMACEUTICAL CHEMISTRY
250 _a3rd ED.2013
260 _aNEW DELHI
_bCBS
_c2019
300 _a388p, X
650 _aPHARMACY
_xB.PHARMA
942 _cBK
999 _c6169
_d6167